Dave - we're all alone in this together - Statistics

General Stats
  • This quiz has been taken 316 times
  • The average score is 9 of 12
Answer Stats
Answer % Correct
We're all alone
90%
Clash
86%
Verdansk
84%
Heart attack
83%
Lazarus
80%
Twenty to one
76%
Both sides of a smile
75%
In the fire
75%
Three rivers
75%
System
73%
Survivor's guilt
69%
Law of attraction
62%
No matching quizzes found
Score Distribution
Percent of People with Each Score
Percentile by Number Answered
Your Score History
You have not taken this quiz